000 00616nam a2200217 a 4500
005 20260221063947.0
008 030401s2000 mx r 000 0 spa d
020 _a9706413022
035 _aUPN01000123539
049 _aCG
050 4 _aLB1025
_bZ3.7
100 1 _aZarzar Charur, Carlos Alejandro
_929520
245 1 0 _aTemas de didáctica /
_cCarlos Zarzar Charur.
260 _aMéxico :
_bProgreso,
_c2000.
300 _a80 p.
650 4 _aEnseñanza
_xMetodología
_97684
650 4 _aProceso enseñanza-aprendizaje
_942
650 4 _aEducación
_xFilosofía
_94994
905 _aLibro
999 _c95719
_d95719